Management and organizational behavior (Record no. 516106)

000 -LEADER
fixed length control field 00327nam a2200121 4500
082 ## - DEWEY DECIMAL CLASSIFICATION NUMBER
Classification number TNC IS H668
100 ## - MAIN ENTRY--PERSONAL NAME
Personal name Hodge & Johnson
9 (RLIN) 22479
245 ## - TITLE STATEMENT
Title Management and organizational behavior
260 ## - PUBLICATION, DISTRIBUTION, ETC. (IMPRINT)
Place of publication, distribution, etc London
Name of publisher, distributor, etc John wily
Date of publication, distribution, etc 1970
300 ## - PHYSICAL DESCRIPTION
Extent 531p.
650 ## - SUBJECT ADDED ENTRY--TOPICAL TERM
Topical term or geographic name as entry element organizational Behavior
9 (RLIN) 22480
650 ## - SUBJECT ADDED ENTRY--TOPICAL TERM
Topical term or geographic name as entry element Management
9 (RLIN) 22481
Holdings
Withdrawn status Lost status Source of classification or shelving scheme Damaged status Koha normalized classification for sorting Not for loan Permanent location Current location Date acquired Full call number Barcode Date last seen Price effective from Koha item type
        TNC_IS_H668   Indian Institute of Public Administration Indian Institute of Public Administration 2021-02-17 TNC IS H668 GR22822 2021-02-17 2021-02-17 GR

Powered by Koha